On This Day: October 25th Quiz Stats

Quiz Updated Oct 25, 2017

Challenge
Share
Tweet
Embed
Score 0/7 Timer 03:00
0 Plays Today
Question Answer Wrong Answers
This war, which featured a coalition of Arab states against Israel, officially ends with a ceasefire.
1973
Yom Kippur War
83.4%
Mau Mau Uprising
2.7%
Chaco War
1.7%
Gulf War
9%
This Spanish painter and sculptor, an early pioneer of the Cubist movement, is born.
1881
Pablo Picasso
78.3%
Salvador Dalí
16.9%
Henri Matisse
2.2%
Paul Cézanne
2.3%
Code-named Operation Urgent Fury, the United States and its Caribbean allies invade this small island, six days after Prime Minister Maurice Bishop and several of his supporters are executed in a coup d'état.
1983
Grenada
76.6%
Jamaica
4.7%
Cuba
7%
Hispaniola
8.1%
The United Nations seats the People's Republic of China, and expels the ______.
1971
Republic of China
68.9%
Republic of Ireland
1.4%
Republic of Korea
13.3%
Republic of Vietnam
13.7%
This man becomes King of Great Britain.
1760
George III
68.2%
James II
10.2%
Charles II
13%
William IV
8.6%
This man, the highest ranking member of the SS, orders a crackdown on the Edelweiss Pirates, a loosely organized youth group in Nazi Germany that had assisted army deserters and others in hiding from the Third Reich.
1944
Heinrich Himmler
53%
Hermann Göring
13%
Joseph Goebbels
21%
Rudolf Hess
11.4%
After a brief civil war which drove President Pascal Lissouba out of Brazzaville, Denis Sassou Nguesso proclaims himself the President of the ______.
1997
Republic of the Congo
36.9%
Democratic Republic of the Congo
37.4%
Central African Republic
11.4%
Côte d’Ivoire
10.5%

Today's Daily Dose

Word Ladder
Antonym Clues II

Quick Pick
Movies of 2014

On This Day
April 24th II

You're not logged in!

Compare scores with friends on all Sporcle quizzes.
Sign Up with Email
OR
Log In

You Might Also Like...

Show Comments

Extras

Top Quizzes Today


Score Distribution

Your Account Isn't Verified!

In order to create a playlist on Sporcle, you need to verify the email address you used during registration. Go to your Sporcle Settings to finish the process.

Report this User

Report this user for behavior that violates our Community Guidelines.

Details: